000 00849nam a2200253Ia 4500
003 OSt
005 20220923225224.0
006 a|||||r|||| 00| 0
007 ta
008 220922b |||||||| |||| 00| 0 hin d
024 _a260,662
037 _cTextual
040 _aARTS
_cARTS
_bhin
041 _2hin
_ahin
082 _aO152vN6, K7
100 _aवाजपेयी, नंददुलारे
245 0 _aहिन्दी साहित्य का इतिहास
246 _aHindī sāhitya kā itihāsa
260 _aमघ्य प्रदेश
_b मानकचन्द
_c1967
300 _a453पृ.
_ccm.
650 _aहिन्दी साहित्य
_9156264
942 _hO152vN6, K7
_cTEXL
_2CC
999 _c376812
_d376812